Laughter and Blood: (Record no. 187026)

MARC details
000 -LEADER
fixed length control field 00635nam a22001817a 4500
005 - DATE AND TIME OF LATEST TRANSACTION
control field 20220328115237.0
010 ## - LCCN (DPL NO)
LC control number ENG-132132
020 ## - INTERNATIONAL STANDARD BOOK NUMBER
International Standard Book Number 9789383253368
Terms of availability 399.00
035 ## - SYSTEM CONTROL NUMBER
System control number EN-115664
037 ## - SOURCE OF ACQUISITION
Source of stock number/acquisition DBAD/PUB
082 ## - DEWEY DECIMAL CLASSIFICATION NUMBER
Classification number 882
100 ## - MAIN ENTRY--PERSONAL NAME
Personal name Padmanabhan, Manjula
245 ## - TITLE STATEMENT
Title Laughter and Blood:
Remainder of title Performance Pieces/
Statement of responsibility, etc Manjula Padmanabhan
260 ## - PUBLICATION, DISTRIBUTION, ETC. (IMPRINT)
Place of publication, distribution, etc Gurugram
Name of publisher, distributor, etc Hachette book Publishing India Pvt. Ltd.
Date of publication, distribution, etc 2020
270 ## - ADDRESS
Address 4th & 5th Floors, Corporate Centre, Plot No. 94, Sector 44
City Gurugram
Postal code 122003
300 ## - PHYSICAL DESCRIPTION
Extent xi,204p.
Dimensions 21cm (pbk)
Other physical details Acknowledgment and Publication History
942 ## - ADDED ENTRY ELEMENTS (KOHA)
Source of classification or shelving scheme Dewey Decimal Classification
Item type English Books
Call number suffix PAD
Classification part 882
Holdings
Withdrawn status Lost status Not for loan Collection code Home library Current library Date acquired Source of acquisition Cost, normal purchase price Full call number Barcode Copy number Cost, replacement price Koha item type
      Non-fiction Central Library Central Library 28/03/2022 DBAD/PUB 399.00 882 PAD EN-115664 1 399.00 English Books

© Delhi Public Library
Hit Counter
free hit counter